000 00651nam a2200241 i 4500
001 C2-0339433
003 PPAK
005 20180728141620.0
008 161215s2016 ii |||| ||||| | tam d
020 _a9788189359460
040 _aPPAK
_beng
_cPPAK
_erda
082 0 4 _a894.8113
_223
090 0 0 _a894.8113
_bRAJ
_dG
100 1 _aRajanarayanan, K.,
_eauthor
245 1 0 _aKoopalla kiraamam
264 1 _aNagercoil, India :
_bKalachuvadu Publications ,
_c2016
300 _a199 pages ;
_c22 cm
336 _2rdacontent
_atext
337 _2rdamedia
_aunmediated
338 _2rdacarrier
_avolume
650 1 0 _aTamil fiction.
942 _ddc
_cB
999 _c136702
_d136702